000 00732nam a2200265 i 4500
001 C2-0261695
003 PPAK
005 20180727231056.0
008 050106s1968 my |||| ||||| | may d
040 _aPPAK
_beng
_cPPAK
_erda
082 0 4 _a899.232
_223
090 0 0 _a899.232
_bUSM
_dKAR
100 0 _aUsman Awang,
_eauthor
245 1 0 _aTamu di-Bukit Kenny :
_bdan tiga lakunan sa-babak
264 1 _aKuala Lumpur :
_bDewan Bahasa dan Pustaka ,
_c1968
300 _aviii, 133 pages ;
_c18 cm
336 _2rdacontent
_atext
337 _2rdamedia
_aunmediated
338 _2rdacarrier
_avolume
490 1 _aSiri Sastra DBP
500 _aBil. 30
650 1 0 _aMalay drama
830 0 _aSiri Sastra DBP
942 _ddc
_cB
999 _c72312
_d72312